[Event "Airthings Masters Div 3 W"]
[Site "chess.com INT"]
[Date "2023.02.06"]
[Round "1.2"]
[White "Vasquez Schroeder, Rodrigo"]
[Black "Sevian, Samuel"]
[Result "1/2-1/2"]
[WhiteTitle "GM"]
[BlackTitle "GM"]
[WhiteElo "2513"]
[BlackElo "2687"]
[WhiteFideId "3400042"]
[BlackFideId "2040506"]
[EventDate "2023.02.06"]

1. d4 Nf6 2. c4 e6 3. Nf3 d5 4. Nc3 Bb4 5. Qa4+ Nc6 6. a3 Bxc3+ 7. bxc3 Ne4 8.
e3 Nxc3 9. Qc2 Ne4 10. Bd3 Nd6 11. c5 Nf5 12. h4 h5 13. Bb2 Bd7 14. g3 f6 15.
O-O Nce7 16. Rab1 O-O 17. Bc3 Bc6 18. Rfc1 Rb8 19. Qe2 Qe8 20. Nd2 a6 21. Ba5
Rc8 22. Bc3 Rb8 23. Rb2 Ra8 24. Ra1 Nh6 25. Ba5 Rc8 26. Nf3 Ng4 27. e4 e5 28.
dxe5 fxe5 29. Be1 dxe4 30. Bxe4 Bxe4 31. Qxe4 Qc6 32. Ng5 Qxe4 33. Nxe4 Nf6 34.
Ng5 Nd7 35. Rc1 Rb8 36. Rd2 Nf6 37. Rb2 Nd7 38. Ba5 Rfc8 39. Rd2 Nf8 40. Re1 Nc6
41. Bc3 Re8 42. Rde2 Ne6 43. Bxe5 Nxg5 44. hxg5 Rxe5 45. Rxe5 Nxe5 46. Rxe5 Kf7
47. f4 Rd8 48. Re3 Rd5 49. Rb3 Rxc5 50. Rxb7 Rc3 51. Kg2 Rxa3 52. Rxc7+ Kg6 53.
Kh3 Ra1 54. Ra7 a5 55. g4 hxg4+ 56. Kxg4 Rg1+ 57. Kf3 Rf1+ 58. Kg4 Rg1+ 59. Kf3
Rf1+ 60. Ke4 Re1+ 61. Kd3 Kf5 1/2-1/2

[Event "Airthings Masters Div 3 W"]
[Site "chess.com INT"]
[Date "2023.02.06"]
[Round "1.1"]
[White "Durarbayli, Vasif"]
[Black "Nesterov, Arseniy"]
[Result "1-0"]
[WhiteTitle "GM"]
[BlackTitle "GM"]
[WhiteElo "2635"]
[BlackElo "2568"]
[WhiteFideId "13402935"]
[BlackFideId "24198455"]
[EventDate "2023.02.06"]

1. e4 e5 2. Nf3 Nc6 3. Bc4 Bc5 4. c3 Nf6 5. d3 O-O 6. O-O d6 7. Re1 a5 8. h3 h6
9. a3 Be6 10. Bb5 Ba7 11. d4 Ne7 12. Nbd2 Ng6 13. Nf1 c6 14. Bd3 Nh5 15. Ng3
Nxg3 16. fxg3 exd4 17. cxd4 Ne5 18. Be3 Nxd3 19. Qxd3 f5 20. exf5 Bxf5 21. Qb3+
Rf7 22. d5 a4 23. Qc4 Bxe3+ 24. Rxe3 Qb6 25. Re1 Bxh3 26. dxc6 d5 27. Qb4 Qxb4
28. axb4 bxc6 29. gxh3 Rb7 30. Ne5 Rxb4 31. R1e2 Ra6 32. h4 Kh7 33. h5 Rb8 34.
Ng6 Rab6 35. Kf1 d4 36. Ra3 Rb4 37. Ke1 R8b5 38. g4 Rb8 39. Ne5 Rc8 40. Kd1 c5
41. Nd3 Rb5 42. Rxa4 c4 43. Rc2 Rb3 44. Ne5 c3 45. bxc3 dxc3 46. Ng6 Rd8+ 47.
Ke2 Re8+ 48. Kd3 Rd8+ 49. Ke4 Re8+ 50. Kd3 Rd8+ 51. Kc4 Rb7 52. Kxc3 Rbd7 53.
Rf2 Rc7+ 54. Rc4 Ra7 55. Rf8 Rxf8 56. Nxf8+ Kg8 57. Ng6 Kf7 58. Rf4+ Ke6 59. Kd3
Ra3+ 60. Ke2 Ra2+ 61. Kf3 Ra3+ 62. Kg2 Ra2+ 63. Kg3 Ra3+ 64. Rf3 Ra4 65. Nh4 Ra1
66. Nf5 Ra7 67. Nd4+ Kd5 68. Nf5 Ke5 69. Kh4 Rc7 70. Ra3 Kf4 71. Ra4+ Kf3 72.
Kh3 Rc1 73. Ra3+ Kf4 74. Nxg7 Rh1+ 75. Kg2 Rh4 76. Ra4+ Kg5 77. Ne6+ Kf6 78. Nf8 1-0

[Event "Airthings Masters Div 3 W"]
[Site "chess.com INT"]
[Date "2023.02.06"]
[Round "1.2"]
[White "Nesterov, Arseniy"]
[Black "Durarbayli, Vasif"]
[Result "0-1"]
[WhiteTitle "GM"]
[BlackTitle "GM"]
[WhiteElo "2568"]
[BlackElo "2635"]
[WhiteFideId "24198455"]
[BlackFideId "13402935"]
[EventDate "2023.02.06"]

1. d4 Nf6 2. c4 e6 3. Nf3 c5 4. d5 exd5 5. cxd5 d6 6. Nc3 g6 7. h3 Bg7 8. e4 O-O
9. Be3 Na6 10. Nd2 Nc7 11. a4 b6 12. Be2 Ba6 13. O-O Re8 14. Re1 Nd7 15. f4 Bxe2
16. Qxe2 a6 17. Nc4 Nf6 18. Qf3 b5 19. Nxd6 Qxd6 20. e5 Qd7 21. exf6 Bxf6 22.
Bxc5 Bxc3 23. Qxc3 Qxd5 24. Bb4 Ne6 25. Qf6 Qd4+ 26. Qxd4 Nxd4 27. axb5 Nc2 28.
b6 Rxe1+ 29. Rxe1 Nxb4 30. Rc1 Rb8 0-1

[Event "Airthings Masters Div 3 W"]
[Site "chess.com INT"]
[Date "2023.02.06"]
[Round "1.1"]
[White "Le, Quang Liem"]
[Black "Le, Tuan Minh"]
[Result "0-1"]
[WhiteTitle "GM"]
[BlackTitle "GM"]
[WhiteElo "2728"]
[BlackElo "2542"]
[WhiteFideId "12401137"]
[BlackFideId "12401153"]
[EventDate "2023.02.06"]

1. c4 e6 2. Nf3 d5 3. d4 a6 4. cxd5 exd5 5. Nc3 h6 6. Bf4 Nf6 7. e3 Bd6 8. Bxd6
Qxd6 9. Bd3 O-O 10. h3 Be6 11. O-O Nbd7 12. Rc1 c5 13. dxc5 Nxc5 14. Bb1 Rac8
15. Qd4 Qe7 16. Rfd1 Rc7 17. Ne2 Rfc8 18. Qe5 Na4 19. b3 Nb6 20. Nfd4 Rxc1 21.
Rxc1 Rxc1+ 22. Nxc1 Nbd7 23. Qc7 Qc5 24. Qd8+ Nf8 25. Nce2 Qb4 26. Nf3 Ne4 27.
Ned4 Qd6 28. Qa8 Nc3 29. Bd3 b5 30. Nh4 g6 31. Bxg6 fxg6 32. Nxg6 Bd7 33. Nxf8
Qxf8 34. Qxa6 Ne4 35. f3 Nf6 36. a4 bxa4 37. bxa4 Kf7 38. a5 Qa3 39. Kf2 Qa2+
40. Ne2 Qb2 41. Qa7 Kg6 42. Qd4 Qa2 43. Qb4 Bf5 44. Qc3 Bd7 45. Ke1 Bb5 46. Nf4+
Kf7 47. Qd2 Qa1+ 48. Kf2 Bc4 49. Kg3 Qe5 50. Qd4 Nh5+ 51. Kf2 Qxd4 52. exd4 Nxf4
53. h4 Ne6 54. Ke3 Nd8 55. g4 Nc6 56. f4 Nxa5 57. f5 Nc6 58. g5 hxg5 59. hxg5
Ba2 60. Kf4 Bb1 61. f6 Kg6 62. Ke3 Bf5 63. Kf4 Be6 0-1

[Event "Airthings Masters Div 3 W"]
[Site "chess.com INT"]
[Date "2023.02.06"]
[Round "1.2"]
[White "Le, Tuan Minh"]
[Black "Le, Quang Liem"]
[Result "1-0"]
[WhiteTitle "GM"]
[BlackTitle "GM"]
[WhiteElo "2542"]
[BlackElo "2728"]
[WhiteFideId "12401153"]
[BlackFideId "12401137"]
[EventDate "2023.02.06"]

1. d4 Nf6 2. Nf3 g6 3. c4 Bg7 4. g3 d5 5. Bg2 dxc4 6. O-O c6 7. a4 Ne4 8. Qc2
Nd6 9. Bf4 Na6 10. Na3 Nb4 11. Qc1 a5 12. Nxc4 Nxc4 13. Qxc4 Be6 14. Qc1 O-O 15.
Bh6 Qb6 16. e4 Rfd8 17. Bxg7 Kxg7 18. Qc3 f6 19. Rfd1 Rd7 20. Ng5 Bg8 21. Bh3
Rdd8 22. Nf3 Na6 23. Rd2 Qb4 24. Qe3 Nc7 25. Bf1 Be6 26. Rc1 Bg4 27. Ne1 Rd7 28.
Rc4 Qb6 29. Nd3 Na6 30. Nc5 Nxc5 31. dxc5 Qc7 32. e5 Rxd2 33. exf6+ exf6 34.
Qxd2 Be6 35. Re4 Bf5 36. Re3 Rd8 37. Qe1 Rd7 38. h3 g5 39. Bg2 Qd8 40. Kh2 Bg6
41. Bf3 h5 42. Kg2 h4 43. g4 Bf7 44. Re4 Rd3 45. Re3 Rd2 46. Re7 Rxb2 47. Qe6
Qf8 48. Rc7 Rb4 49. Qd7 Kg6 50. Qd3+ Kh6 51. Qd7 Bg6 52. Rc8 Qg7 53. Qd6 Rb3 54.
Rc7 Qh8 55. Re7 Rd3 56. Qe6 Rd4 57. Rxb7 Rxa4 58. Qxc6 Rf4 59. Qd6 Qe8 60. Re7
Qc8 61. Re3 a4 62. c6 Rc4 63. Qxf6 Rf4 64. Qd6 Qf8 65. Qxf8+ Rxf8 66. Ra3 Rf4
67. Rc3 a3 68. c7 a2 69. c8=Q a1=Q 70. Qh8+ Bh7 71. Rc6+ 1-0

[Event "Airthings Masters Div 3 W"]
[Site "chess.com INT"]
[Date "2023.02.06"]
[Round "1.1"]
[White "Oparin, Grigoriy"]
[Black "Hakobyan, Aram"]
[Result "1/2-1/2"]
[WhiteTitle "GM"]
[BlackTitle "GM"]
[WhiteElo "2667"]
[BlackElo "2620"]
[WhiteFideId "24125890"]
[BlackFideId "13306677"]
[EventDate "2023.02.06"]

1. e4 e5 2. Nf3 Nc6 3. Bb5 Nf6 4. d3 Bc5 5. Nbd2 Nd4 6. Nxd4 Bxd4 7. c3 Bb6 8.
d4 c6 9. dxe5 cxb5 10. exf6 Qxf6 11. O-O O-O 12. Nf3 d6 13. Re1 Bg4 14. Be3 Bxf3
15. Qxf3 Qxf3 16. gxf3 Bxe3 17. Rxe3 f5 18. Rd1 fxe4 19. fxe4 Rf6 20. f3 Raf8
21. Kf2 Rh6 22. Rh1 Kf7 23. Rd3 Ke7 24. h3 Rh5 25. h4 Rf6 26. Rg1 g6 27. Rg4 a6
28. Kg3 Re5 29. Rg5 Rfe6 30. Rd4 b6 31. Kf2 h6 32. Rg4 g5 33. Rd1 Kf6 34. a3 Kf7
35. Rdg1 d5 36. hxg5 hxg5 37. Rxg5 dxe4 38. f4 Rxg5 39. fxg5 Rd6 40. Ke3 Rd3+
41. Kxe4 Rd2 42. b4 Ra2 43. Kf5 Rf2+ 44. Ke5 Ra2 45. Rd1 Kg6 46. Kf4 Rf2+ 47.
Ke3 Ra2 48. Kf4 Rf2+ 49. Ke4 Ra2 50. Rd6+ Kxg5 51. Rxb6 Rxa3 52. Kd4 Kf5 53. Rh6
Ra1 54. Rh5+ Ke6 55. Kc5 Ra3 56. Rh3 Kd7 57. Kb6 Kd6 58. Rd3+ Ke6 59. Rd8 Ke7
60. Rd1 Ke6 61. Rd2 Ke7 62. Rd4 Rxc3 63. Kxa6 Rc4 64. Rd5 Rxb4 65. Rxb5 Rxb5 66.
Kxb5 1/2-1/2

[Event "Airthings Masters Div 3 W"]
[Site "chess.com INT"]
[Date "2023.02.06"]
[Round "1.2"]
[White "Hakobyan, Aram"]
[Black "Oparin, Grigoriy"]
[Result "1-0"]
[WhiteTitle "GM"]
[BlackTitle "GM"]
[WhiteElo "2620"]
[BlackElo "2667"]
[WhiteFideId "13306677"]
[BlackFideId "24125890"]
[EventDate "2023.02.06"]

1. e4 e5 2. Nf3 Nc6 3. Bc4 Nf6 4. d3 Bc5 5. Nbd2 d6 6. c3 O-O 7. O-O a5 8. h3
Ba7 9. Re1 h6 10. Nf1 Ne7 11. Ng3 c6 12. Bb3 Ng6 13. d4 Re8 14. Bc2 b5 15. Be3
Qc7 16. Qd2 Kh7 17. Rad1 b4 18. cxb4 axb4 19. Qxb4 c5 20. Qc3 Bb6 21. dxc5 dxc5
22. a3 Be6 23. Nf5 Ba5 24. b4 cxb4 25. Qxc7 Bxc7 26. axb4 Reb8 27. Rb1 Bb6 28.
b5 Ra2 29. Bxb6 Rxb6 30. Ne3 Ne8 31. Bd3 Nd6 32. Nd5 Bxd5 33. exd5 e4 34. Bxe4
Rxb5 35. Rxb5 Nxb5 36. Ne5 Nd6 37. Bxg6+ fxg6 38. Nxg6 Rd2 39. Ne7 Nb5 40. h4
Nc3 41. Re5 g6 42. Re6 Nxd5 43. Nxg6 Kg7 44. g3 Kf7 45. Rd6 Rd1+ 46. Kh2 Nc3 47.
Ne5+ Kg7 48. Rxd1 Nxd1 49. Kg2 Kf6 50. Ng4+ Kg6 51. Ne3 Nc3 52. Kf3 Nb5 53. Nd5
Kf5 54. Ne3+ Kg6 55. Kg4 Nd4 56. h5+ Kf6 57. f4 Ke6 58. Kh3 Kf6 59. Kg2 Ne2 60.
Kf3 Nd4+ 61. Kf2 Nb3 62. Ng4+ Kg7 63. Ne5 Kf6 64. g4 Nd4 65. Nc4 Ne6 66. Kg3 Nc5
67. Nd2 Ke6 68. Kf3 Nd3 69. Ne4 Ne1+ 70. Kg3 Nd3 71. Nf2 Ne1 72. g5 hxg5 73.
fxg5 Kf5 74. g6 Kf6 75. Ng4+ Kg7 76. Kf4 Kh8 77. h6 Nd3+ 78. Kf5 1-0

[Event "Airthings Masters Div 3 W"]
[Site "chess.com INT"]
[Date "2023.02.06"]
[Round "1.1"]
[White "Vokhidov, Shamsiddin"]
[Black "Muradli, Mahammad"]
[Result "1/2-1/2"]
[WhiteTitle "GM"]
[BlackTitle "GM"]
[WhiteElo "2601"]
[BlackElo "2539"]
[WhiteFideId "14204223"]
[BlackFideId "13409301"]
[EventDate "2023.02.06"]

1. e4 c5 2. Nf3 d6 3. d4 cxd4 4. Qxd4 Nf6 5. Nc3 Nc6 6. Qd3 g6 7. Nd5 Bg7 8. c3
O-O 9. Bg5 Re8 10. Be2 Be6 11. O-O Rc8 12. Nxf6+ exf6 13. Be3 d5 14. exd5 Qxd5
15. Qxd5 Bxd5 16. Rfd1 Rcd8 17. Nd4 Ne5 18. Nb5 Bc4 19. Kf1 Bxe2+ 20. Kxe2 Nc4
21. Rxd8 Rxd8 22. Nxa7 Ra8 23. Bd4 f5 24. Nb5 Nxb2 25. Nd6 Na4 26. Kd3 Rd8 27.
Nb5 Nc5+ 28. Kc2 Ne6 29. Bxg7 Kxg7 30. Rd1 Ra8 31. a3 Nc5 32. f3 h5 33. Rd5 b6
34. Rd6 Re8 35. Kd2 Na4 36. c4 h4 37. Nc3 Nb2 38. Rc6 Re6 39. Rc7 Rd6+ 40. Ke2
Re6+ 41. Kd2 Rd6+ 42. Ke2 Re6+ 43. Kd2 1/2-1/2

[Event "Airthings Masters Div 3 W"]
[Site "chess.com INT"]
[Date "2023.02.06"]
[Round "1.2"]
[White "Muradli, Mahammad"]
[Black "Vokhidov, Shamsiddin"]
[Result "1-0"]
[WhiteTitle "GM"]
[BlackTitle "GM"]
[WhiteElo "2539"]
[BlackElo "2601"]
[WhiteFideId "13409301"]
[BlackFideId "14204223"]
[EventDate "2023.02.06"]

1. d4 Nf6 2. c4 e6 3. Nf3 d5 4. g3 dxc4 5. Bg2 Nbd7 6. O-O c6 7. a4 a5 8. Qc2
Nd5 9. Qxc4 Nb4 10. Bf4 Be7 11. Rd1 b6 12. Qc1 Ba6 13. Nc3 O-O 14. h4 Rc8 15.
Qd2 h6 16. Rac1 Nf6 17. Ne5 Nfd5 18. Bxh6 gxh6 19. Qxh6 Bf6 20. Be4 1-0

[Event "Airthings Masters Div 3 W"]
[Site "chess.com INT"]
[Date "2023.02.06"]
[Round "1.1"]
[White "Bortnyk, Olexandr"]
[Black "Yoo, Christopher Woojin"]
[Result "1-0"]
[WhiteTitle "GM"]
[BlackTitle "GM"]
[WhiteElo "2605"]
[BlackElo "2589"]
[WhiteFideId "14120828"]
[BlackFideId "30909694"]
[EventDate "2023.02.06"]

1. e4 e5 2. Nf3 Nc6 3. Bb5 a6 4. Ba4 Nf6 5. Nc3 b5 6. Bb3 Bc5 7. Nd5 h6 8. O-O
O-O 9. c3 d6 10. d4 Ba7 11. Nxf6+ Qxf6 12. Bd5 Bd7 13. a4 b4 14. Be3 bxc3 15.
bxc3 Rad8 16. Bxc6 Bxc6 17. d5 Bxe3 18. dxc6 Bc5 19. Qd5 Qe6 20. Rab1 Qxd5 21.
exd5 f5 22. Rb7 Rf7 23. Nd2 e4 24. Nb3 g5 25. Rb1 Kg7 26. Nxc5 dxc5 27. c4 f4
28. Rb8 Rxb8 29. Rxb8 Kf6 30. Rd8 Re7 31. Kf1 f3 32. g4 a5 33. h3 Ke5 34. Rd7
Kf6 35. Rxe7 Kxe7 36. Ke1 Kd6 37. Kd2 Ke5 38. Ke3 Kf6 39. Kxe4 Ke7 40. Kxf3 Kd6
41. Ke4 Ke7 42. Ke5 Kf7 43. d6 Kg6 44. dxc7 1-0

[Event "Airthings Masters Div 3 W"]
[Site "chess.com INT"]
[Date "2023.02.06"]
[Round "1.2"]
[White "Yoo, Christopher Woojin"]
[Black "Bortnyk, Olexandr"]
[Result "1-0"]
[WhiteTitle "GM"]
[BlackTitle "GM"]
[WhiteElo "2589"]
[BlackElo "2605"]
[WhiteFideId "30909694"]
[BlackFideId "14120828"]
[EventDate "2023.02.06"]

1. e4 d6 2. d4 Nf6 3. Nc3 e5 4. Nf3 Nbd7 5. Bc4 Be7 6. O-O c6 7. a4 Qc7 8. Re1
O-O 9. b3 h6 10. Ba3 Re8 11. Qd2 Nf8 12. h3 Ng6 13. Rad1 a6 14. dxe5 dxe5 15.
Bxe7 Rxe7 16. Qd8+ Qxd8 17. Rxd8+ Re8 18. Rxe8+ Nxe8 19. a5 Kf8 20. Na4 Nd6 21.
Nb6 Rb8 22. Bf1 Ke7 23. g3 Be6 24. h4 f6 25. h5 Nf8 26. Nh4 Bf7 27. Be2 Ne6 28.
Bg4 Nd4 29. Bd1 Rd8 30. f4 Ne6 31. Nf5+ Nxf5 32. exf5 Nd4 33. g4 Kd6 34. fxe5+
fxe5 35. b4 Re8 36. Kf2 e4 37. Ke3 Nf3 38. Rf1 c5 39. c3 cxb4 40. cxb4 Ne5 41.
Be2 Ke7 42. Rc1 Nc6 43. Bxa6 Nxb4 44. Bxb7 Rb8 45. Rc7+ Kf6 46. Nd7+ 1-0

[Event "Airthings Masters Div 3 W"]
[Site "chess.com INT"]
[Date "2023.02.06"]
[Round "1.3"]
[White "Bortnyk, Olexandr"]
[Black "Yoo, Christopher Woojin"]
[Result "1-0"]
[WhiteTitle "GM"]
[BlackTitle "GM"]
[WhiteElo "2605"]
[BlackElo "2589"]
[WhiteFideId "14120828"]
[BlackFideId "30909694"]
[EventDate "2023.02.06"]

1. e4 c5 2. c3 Nf6 3. e5 Nd5 4. d4 cxd4 5. Nf3 Nc6 6. cxd4 d6 7. Bc4 e6 8. O-O
Be7 9. Qe2 O-O 10. Rd1 Qc7 11. a3 dxe5 12. dxe5 Rd8 13. Bd3 b6 14. Bd2 Bb7 15.
Nc3 Nxc3 16. Bxc3 Rd7 17. Rac1 Rad8 18. b4 Qb8 19. h4 Qa8 20. Rd2 a5 21. Rcd1 g6
22. b5 Nb8 23. a4 Rc7 24. Bxg6 Rxd2 25. Bxh7+ Kxh7 26. Ng5+ Kg8 27. Rxd2 Nd7 28.
Qh5 Bxg5 29. Qxg5+ Kh7 30. Rd3 Qf8 31. Rg3 Nf6 32. exf6 Rc5 33. Be5 Bf3 34. gxf3
Rxe5 35. Qxe5 Qd6 1-0

[Event "Airthings Masters Div 3 W"]
[Site "chess.com INT"]
[Date "2023.02.06"]
[Round "2.1"]
[White "Guseinov, Gadir"]
[Black "Pranav, V"]
[Result "0-1"]
[WhiteTitle "GM"]
[BlackTitle "GM"]
[WhiteElo "2661"]
[BlackElo "2545"]
[WhiteFideId "13401378"]
[BlackFideId "25060783"]
[EventDate "2023.02.06"]

1. e4 c5 2. Nc3 a6 3. g3 b5 4. Bg2 Bb7 5. d3 e6 6. Nh3 Nf6 7. O-O b4 8. Na4 d5
9. e5 Nfd7 10. f4 g6 11. c4 bxc3 12. bxc3 Nc6 13. Rb1 Rb8 14. c4 Nd4 15. Nc3 Nb6
16. a4 a5 17. Bd2 dxc4 18. Bxb7 Rxb7 19. dxc4 Qc8 20. Ne4 Be7 21. Bc3 Qc6 22.
Nhf2 Nf5 23. Rb5 O-O 24. Qb3 Ne3 25. Bxa5 Nxf1 26. Rxb6 Rxb6 27. Bxb6 Ne3 28. a5
Nf5 29. Qb5 Nd4 30. Qxc6 Nxc6 31. Nxc5 Bxc5 32. Bxc5 Ra8 33. Bd6 Rxa5 34. Ne4
Ra2 35. Nf6+ Kh8 36. Bc5 h6 37. h4 g5 38. Bf8 gxf4 39. gxf4 Nd4 40. Bxh6 Nf3+
41. Kf1 Nxh4 42. c5 Rc2 43. Nd7 Nf3 44. Bf8 Kh7 45. Be7 Kg6 46. Nb8 Kf5 47. Bd6
Kxf4 0-1

[Event "Airthings Masters Div 3 W"]
[Site "chess.com INT"]
[Date "2023.02.06"]
[Round "2.1"]
[White "Praggnanandhaa, R"]
[Black "Antipov, Mikhail Al."]
[Result "1/2-1/2"]
[WhiteTitle "GM"]
[BlackTitle "GM"]
[WhiteElo "2690"]
[BlackElo "2581"]
[WhiteFideId "25059530"]
[BlackFideId "4107012"]
[EventDate "2023.02.06"]

1. e4 e5 2. Nf3 Nc6 3. Bc4 Bc5 4. d3 Nf6 5. Nc3 O-O 6. Bg5 Be7 7. O-O d6 8. a4
Be6 9. Bxf6 Bxf6 10. Nd5 Nb8 11. c3 Nd7 12. a5 c6 13. Ne3 Nc5 14. Bxe6 Nxe6 15.
d4 exd4 16. cxd4 g6 17. e5 Bg7 18. Qb3 Qc7 19. Qc3 Rfd8 20. Rfd1 Nf4 21. Kf1
Rac8 22. g3 Nd5 23. Nxd5 cxd5 24. Qxc7 Rxc7 25. Rac1 Rc4 26. b3 Rb4 27. exd6 Bf8
28. d7 f6 29. Rc7 Kf7 30. a6 Bd6 31. Rxb7 Rxb7 32. axb7 Rxd7 33. Ra1 Rxb7 34.
Ke2 h5 35. Ra5 Ke6 36. Nh4 g5 37. Ng2 Rxb3 38. Ne3 Rb4 39. Rxd5 Bc7 40. Kd3 Bb6
41. h4 gxh4 42. gxh4 a5 43. Kc3 Ra4 44. Nc4 Bc7 45. Rxh5 Ra2 46. d5+ Kd7 47.
Rh7+ Kc8 48. d6 Bd8 49. h5 Rxf2 50. h6 Rh2 51. Kd4 Rh5 52. Ne3 Bb6+ 53. Kd3 Rh3
54. Re7 Bxe3 55. h7 Bb6+ 56. Kc4 Bd8 57. Rg7 Rh5 58. Ra7 a4 59. Kb4 Kb8 60. Rf7
Kc8 61. Kxa4 Rh1 62. Kb5 Rb1+ 63. Kc6 Rc1+ 64. Kd5 Rh1 65. Ra7 Kb8 66. Rg7 f5
67. Ke5 Rh5 68. Rf7 Ba5 69. Rf8+ Kb7 70. h8=Q Rxh8 71. Rxh8 Bc3+ 72. Kxf5 Bxh8
73. d7 Kc7 74. d8=Q+ Kxd8 1/2-1/2

[Event "Airthings Masters Div 3 W"]
[Site "chess.com INT"]
[Date "2023.02.06"]
[Round "2.2"]
[White "Antipov, Mikhail Al."]
[Black "Praggnanandhaa, R"]
[Result "0-1"]
[WhiteTitle "GM"]
[BlackTitle "GM"]
[WhiteElo "2581"]
[BlackElo "2690"]
[WhiteFideId "4107012"]
[BlackFideId "25059530"]
[EventDate "2023.02.06"]

1. e4 e5 2. Nf3 Nc6 3. Nc3 Nf6 4. h3 Bb4 5. Nd5 Nxd5 6. exd5 e4 7. dxc6 exf3 8.
Qxf3 dxc6 9. Bc4 O-O 10. O-O Qh4 11. d3 Bd7 12. a3 Bc5 13. Bf4 Qf6 14. Rfe1 Bd6
15. Bxd6 Qxf3 16. gxf3 cxd6 17. Re7 Rad8 18. h4 d5 19. Bb3 Rfe8 20. Rae1 Rxe7
21. Rxe7 Kf8 22. Re1 Bc8 23. d4 Rd6 24. Kh2 Rh6 25. Kg3 Rg6+ 26. Kh2 Bf5 27. Re5
Rf6 28. Kg3 g6 29. c3 Rd6 30. Bd1 Rd8 31. Re3 Kg7 32. Re7 Bd7 33. Bc2 Kf6 34.
Re5 a5 35. f4 Rg8 36. a4 b6 37. Bd3 Be6 38. Kf3 c5 39. Ke3 Rc8 40. Kd2 Rb8 41.
Be2 Ke7 42. Bd3 Kd6 43. Bb5 Rc8 44. Ba6 Rc7 45. Bd3 Bd7 46. b3 Rc8 47. c4 dxc4
48. Bxc4 cxd4 49. Bxf7 Rf8 50. Bc4 Rxf4 51. Rd5+ Kc7 52. h5 Rxf2+ 53. Kd3 Rf4
54. hxg6 hxg6 55. Rxd4 Bf5+ 56. Ke3 Rxd4 57. Kxd4 Kd6 58. Be2 Be6 59. Bd1 g5 60.
Kc3 Kc5 61. Bf3 g4 0-1

[Event "Airthings Masters Div 3 W"]
[Site "chess.com INT"]
[Date "2023.02.06"]
[Round "2.1"]
[White "Matlakov, Maxim"]
[Black "Martinez Alcantara, Jose Eduardo"]
[Result "0-1"]
[WhiteTitle "GM"]
[BlackTitle "GM"]
[WhiteElo "2662"]
[BlackElo "2607"]
[WhiteFideId "4168003"]
[BlackFideId "3805662"]
[EventDate "2023.02.06"]

1. d4 Nf6 2. c4 e6 3. Nf3 Bb4+ 4. Nbd2 b6 5. a3 Bxd2+ 6. Nxd2 Bb7 7. b3 O-O 8.
Bb2 c5 9. dxc5 bxc5 10. Qc2 d6 11. e3 h6 12. Bd3 Nbd7 13. O-O Qb6 14. Rab1 a5
15. Rfd1 Rab8 16. Bc3 Rfd8 17. h3 Bc6 18. Ne4 Bxe4 19. Bxe4 Nxe4 20. Qxe4 Nf8
21. Qg4 Ng6 22. h4 Ne5 23. Qg3 f6 24. f4 Nd7 25. Qg4 Kf7 26. a4 Nf8 27. Rd3 Qc7
28. e4 Rd7 29. Rg3 Ke8 30. Rd3 Kf7 31. Rg3 Ke8 32. Qe2 e5 33. f5 Ra8 34. Rd1 Qb7
35. Rd5 Kd8 36. Rgd3 Qc7 37. Qd1 Ra6 38. Kf2 Kc8 39. Ke1 Kb7 40. Kd2 Rc6 41. Kc2
Ka6 42. Kb2 Rd8 43. Ka2 Rd7 44. Qd2 Rd8 45. g4 Rd7 46. Qe3 Rd8 47. Qd2 Rd7 48.
Ka3 Qb6 49. Qg2 Rb7 50. Be1 Rd7 51. Bd2 Rb7 52. Ka2 Rd7 53. g5 hxg5 54. hxg5 Nh7
55. g6 Nf8 56. Rh3 Rb7 57. Qf3 Nd7 58. Rh8 Nb8 59. Qd3 Ka7 60. Re8 Na6 61. Rg8
Rd7 62. Qf3 Rcc7 63. Rd3 Nb8 64. Bc3 Rb7 65. Qd1 Nc6 66. Re8 Nd4 67. Bxd4 exd4
68. Rh3 Re7 69. Rhh8 Rxe8 70. Rxe8 Qb4 71. Qc2 Qe1 72. Rh8 Re7 73. Rg8 Kb6 74.
Rb8+ Ka7 75. Rg8 Kb6 76. Rb8+ Kc7 77. Rg8 Rxe4 78. Rxg7+ Kb6 79. Ka3 Re2 0-1

[Event "Airthings Masters Div 3 W"]
[Site "chess.com INT"]
[Date "2023.02.06"]
[Round "2.2"]
[White "Martinez Alcantara, Jose Eduardo"]
[Black "Matlakov, Maxim"]
[Result "1/2-1/2"]
[WhiteTitle "GM"]
[BlackTitle "GM"]
[WhiteElo "2607"]
[BlackElo "2662"]
[WhiteFideId "3805662"]
[BlackFideId "4168003"]
[EventDate "2023.02.06"]

1. e4 c5 2. Nf3 Nc6 3. Bb5 e6 4. O-O Nge7 5. Re1 Nd4 6. Nxd4 cxd4 7. d3 a6 8.
Ba4 b5 9. Bb3 Bb7 10. Nd2 Nc6 11. Nf3 Bc5 12. Ng5 Qe7 13. Nh3 O-O 14. Bd2 f5 15.
Qh5 g6 16. Qg5 Qxg5 17. Nxg5 Bb4 18. Bxb4 Nxb4 19. Nf3 Nc6 20. a4 Kg7 21. Nd2
Rfc8 22. Nf3 Kf6 23. h3 Kg7 24. Kh2 Rf8 25. Re2 h6 26. Kg1 Kf6 27. Kh2 Kg7 28.
Kg1 g5 29. exf5 Rxf5 30. axb5 axb5 31. Rxa8 Bxa8 32. Re1 Kf6 33. Nd2 Ke7 34. Nf3
Kd6 35. Nd2 Bb7 36. Ne4+ Kc7 37. Ra1 b4 38. Re1 Na5 39. Nd2 Rc5 40. Re2 Nc6 41.
Nf3 Ra5 42. Re1 Kd6 43. Nd2 Ke7 44. Nf3 Kf6 45. Kh2 d5 46. h4 g4 47. Ng1 e5 48.
f3 Bc8 49. Ne2 gxf3 50. gxf3 Bf5 51. Ng3 Bg6 52. f4 exf4 53. Rf1 Ke5 54. Ne2 f3
55. Rxf3 Bh5 56. Rf2 Bxe2 57. Rxe2+ Kf4 58. Rf2+ Kg4 59. Rf6 Ne5 60. Rxh6 Nf3+
61. Kg2 Nd2 62. Rg6+ Kxh4 63. Rb6 Nxb3 64. cxb3 Ra2 65. Kf3 Kg5 66. Rxb4 Kf5 67.
Rxd4 Ke5 68. Rb4 Rxb2 69. d4+ Kf5 70. Rb5 Ke6 71. Rb6+ Kf5 72. Rb5 Ke6 73. Rb6+
Kf5 74. Rb5 1/2-1/2

[Event "Airthings Masters Div 3 W"]
[Site "chess.com INT"]
[Date "2023.02.06"]
[Round "2.1"]
[White "Dreev, Aleksey"]
[Black "Lenderman, Aleksandr"]
[Result "1/2-1/2"]
[WhiteTitle "GM"]
[BlackTitle "GM"]
[WhiteElo "2606"]
[BlackElo "2572"]
[WhiteFideId "4100107"]
[BlackFideId "2021285"]
[EventDate "2023.02.06"]

1. d4 d5 2. Nf3 Nf6 3. c4 dxc4 4. e3 e6 5. Bxc4 c5 6. O-O a6 7. b3 b6 8. Qe2 Bb7
9. Bb2 Nbd7 10. Nbd2 cxd4 11. Nxd4 Bc5 12. Bxe6 fxe6 13. Nxe6 Qe7 14. Nc7+ Kf7
15. Qc4+ Kg6 16. Qd3+ Kf7 17. Qc4+ Kg6 18. Qd3+ Kf7 19. Qc4+ 1/2-1/2

[Event "Airthings Masters Div 3 W"]
[Site "chess.com INT"]
[Date "2023.02.06"]
[Round "2.2"]
[White "Lenderman, Aleksandr"]
[Black "Dreev, Aleksey"]
[Result "1/2-1/2"]
[WhiteTitle "GM"]
[BlackTitle "GM"]
[WhiteElo "2572"]
[BlackElo "2606"]
[WhiteFideId "2021285"]
[BlackFideId "4100107"]
[EventDate "2023.02.06"]

1. d4 d5 2. c4 e6 3. Nf3 Nf6 4. g3 Bb4+ 5. Bd2 Bd6 6. Qc2 O-O 7. Bg2 c6 8. O-O
Nbd7 9. Rd1 Qe7 10. Bg5 h6 11. Bxf6 Nxf6 12. Nbd2 b6 13. e4 dxe4 14. Nxe4 Nxe4
15. Qxe4 Bb7 16. Ne5 Rac8 17. c5 Bxe5 18. Qxe5 Rfd8 19. Rac1 Rd7 20. b4 a5 21.
cxb6 axb4 22. Qc5 Rcd8 23. Bxc6 Bxc6 24. Qxe7 Rxe7 25. Rxc6 Rb7 26. Rd3 Rdb8 27.
Rb3 Rxb6 28. Rxb6 Rxb6 29. a3 Rd6 30. Rxb4 Rc6 31. a4 Rc3 32. a5 Ra3 33. Rb5 Rd3
34. a6 Ra3 35. Rb6 g5 36. d5 exd5 37. Rxh6 Kg7 38. Rd6 d4 39. Kf1 d3 40. Ke1 Ra2
41. h4 gxh4 42. gxh4 Re2+ 43. Kd1 Rxf2 44. Rxd3 Ra2 45. Rd6 f5 46. h5 f4 47.
Rg6+ Kh7 48. Rf6 Kg7 49. Rg6+ Kh7 50. Ke1 f3 51. Kf1 Kh8 52. Rb6 Kh7 53. h6 Rc2
54. Rf6 Ra2 55. Kg1 Rg2+ 56. Kf1 Ra2 57. Re6 Rc2 58. Re8 Ra2 59. Re6 Rc2 60. Rb6
Ra2 61. Rf6 Kg8 62. Rg6+ Kh7 63. Rb6 Rc2 64. Rb3 Ra2 65. Rxf3 Rxa6 66. Kg2 Rg6+
67. Rg3 Rxg3+ 68. Kxg3 Kxh6 1/2-1/2